|
|
|
|
| LEADER |
03226nam a22003973i 4500 |
| 001 |
EBC6706674 |
| 003 |
MiAaPQ |
| 005 |
20231204023218.0 |
| 006 |
m o d | |
| 007 |
cr cnu|||||||| |
| 008 |
231204s2021 xx o ||||0 eng d |
| 020 |
|
|
|a 9780472901241
|q (electronic bk.)
|
| 020 |
|
|
|z 9780472054473
|
| 035 |
|
|
|a (MiAaPQ)EBC6706674
|
| 035 |
|
|
|a (Au-PeEL)EBL6706674
|
| 035 |
|
|
|a (OCoLC)1243162745
|
| 040 |
|
|
|a MiAaPQ
|b eng
|e rda
|e pn
|c MiAaPQ
|d MiAaPQ
|
| 050 |
|
4 |
|a ZA4210
|
| 082 |
0 |
|
|a 070.579738
|
| 100 |
1 |
|
|a Morris, Jeremy Wade.
|
| 245 |
1 |
0 |
|a Saving New Sounds :
|b Podcast Preservation and Historiography.
|
| 250 |
|
|
|a 1st ed.
|
| 264 |
|
1 |
|a Ann Arbor :
|b University of Michigan Press,
|c 2021.
|
| 264 |
|
4 |
|c Ã2021.
|
| 300 |
|
|
|a 1 online resource (287 pages)
|
| 336 |
|
|
|a text
|b txt
|2 rdacontent
|
| 337 |
|
|
|a computer
|b c
|2 rdamedia
|
| 338 |
|
|
|a online resource
|b cr
|2 rdacarrier
|
| 505 |
0 |
|
|a Intro -- Contents -- Acknowledgments -- Introduction: The Inseparability of Research and Preservation Frameworks for Podcasting History | Eric Hoyt and Jeremy Wade Morris -- Revisiting Podcasting's Histories -- 1. Podcast Archaeology: Researching Proto-Podcasts and Early Born-Digital Audio Formats | Andrew J. Bottomley -- 2. The Perils of Ladycasting: Podcasting, Gender, and Alternative Production Cultures | Jennifer Hyl and Wang -- 3. Reality in Sound: Problem Solved? | Michele Hilmes -- 4. "I'm Trying to Be the Rap Oprah": Combat Jack and the History of the Loud Speakers Network | Sarah Florini and Briana Barner -- 5. Howling into a Megaphone: Archiving the History of Podcast Advertising | JJ Bersch -- Analyzing Podcasting's Now -- 6. Podcasting the Donald Sterling Scandal: The Prismatic Perspective of the PodcastRE Database | Jacob Mertens -- 7. Listening to the Aftermath of Crime: True Crime Podcasts | Amanda Keeler -- 8. A RE-Emphasis on Context: Preserving and Analyzing Podcast Metadata | Susan Noh -- 9. Drifting Voices: Studying Emotion and Pitch in Podcasting with Digital Tools | Jacob Mertens, Eric Hoyt, and Jeremy Wade Morris -- Imagining Podcasting's Future -- 10. The Scholarly Podcast: Form and Function in Audio Academia | Mack Hagood -- 11. The Feed Is the Thing: How RSS Defined PodcastRE and Why Podcasts May Need to Move On | Samuel Hansen -- 12. The Spotification of Podcasting | Jeremy Wade Morris -- 13. Preserve This Podcast: A Podcaster-Led Preservation Strategy | Dana Gerber-Margie, Mary Kidd, Molly Schwartz, and Sarah Nguyen -- 14. Saving Podcasting's Contexts: Archive Collecting Strategies and Media Historiography | Eric Hoyt -- Audio Dispatches -- Index.
|
| 588 |
|
|
|a Description based on publisher supplied metadata and other sources.
|
| 590 |
|
|
|a Electronic reproduction. Ann Arbor, Michigan : ProQuest Ebook Central, 2023. Available via World Wide Web. Access may be limited to ProQuest Ebook Central affiliated libraries.
|
| 655 |
|
4 |
|a Electronic books.
|
| 700 |
1 |
|
|a Hoyt, Eric.
|
| 776 |
0 |
8 |
|i Print version:
|a Morris, Jeremy Wade
|t Saving New Sounds
|d Ann Arbor : University of Michigan Press,c2021
|z 9780472054473
|
| 797 |
2 |
|
|a ProQuest (Firm)
|
| 856 |
4 |
0 |
|u https://ebookcentral.proquest.com/lib/matrademy/detail.action?docID=6706674
|z Click to View
|